(Record no. 184349)
[ view plain ]
| 000 -CABECERA | |
|---|---|
| campo de control de longitud fija | 01249nam a2200253Ia 4500 |
| 001 - NÚMERO DE CONTROL | |
| campo de control | IA_The roll made with 10% HAVN was the best evaluated sensorially, introduced higher contained of fiber (1.54%), ash (2.77%) and calcium (242.47 mg/100 g) than the control, with significant differences (a = 0.05) between them. The volume of the roll with 10% added HAVN not significantly decreased compared to the control; however, was presented the highest hardness, with respect to the other two treatments in which HAVN added. |
| 008 - DATOS DE LONGITUD FIJA--INFORMACIÓN GENERAL | |
| campo de control de longitud fija | 220117s xx 000 0 und d |
| 010 ## - NÚMERO DE CONTROL DE LA BIBLIOTECA DEL CONGRESO | |
| Número de control de LC | 184349 |
| 530 ## - NOTA DE FORMATO FÍSICO ADICIONAL DISPONIBLE | |
| Nota de formato físico adicional disponible | Disponible en PDF |
| 583 ## - NOTA DE ACCIÓN | |
| Acción | 1 ej. imp. ; 2 ej. CD |
| 650 ## - PUNTO DE ACCESO ADICIONAL DE MATERIA--TÉRMINO DE MATERIA | |
| Término de materia o nombre geográfico como elemento de entrada | Breadmaking |
| 9 (RLIN) | 148267 |
| 650 ## - PUNTO DE ACCESO ADICIONAL DE MATERIA--TÉRMINO DE MATERIA | |
| Término de materia o nombre geográfico como elemento de entrada | Fabricación de pan |
| 9 (RLIN) | 148268 |
| 650 ## - PUNTO DE ACCESO ADICIONAL DE MATERIA--TÉRMINO DE MATERIA | |
| Término de materia o nombre geográfico como elemento de entrada | Harina de avena |
| 9 (RLIN) | 156759 |
| 650 ## - PUNTO DE ACCESO ADICIONAL DE MATERIA--TÉRMINO DE MATERIA | |
| Término de materia o nombre geográfico como elemento de entrada | Nixtamalización |
| 9 (RLIN) | 81486 |
| 650 ## - PUNTO DE ACCESO ADICIONAL DE MATERIA--TÉRMINO DE MATERIA | |
| Término de materia o nombre geográfico como elemento de entrada | Nixtamalization |
| 9 (RLIN) | 147913 |
| 650 ## - PUNTO DE ACCESO ADICIONAL DE MATERIA--TÉRMINO DE MATERIA | |
| Término de materia o nombre geográfico como elemento de entrada | Oat flour |
| 9 (RLIN) | 156760 |
| 700 ## - PUNTO DE ACCESO ADICIONAL--NOMBRE DE PERSONA | |
| Nombre de persona | Buendía González, María Ofelia, dir. |
| 9 (RLIN) | 147467 |
| 700 ## - PUNTO DE ACCESO ADICIONAL--NOMBRE DE PERSONA | |
| Nombre de persona | Esparza Torres, Félix, asesor. |
| 700 ## - PUNTO DE ACCESO ADICIONAL--NOMBRE DE PERSONA | |
| Nombre de persona | López Rangel, Angélica María |
| 9 (RLIN) | 156761 |
| 700 ## - PUNTO DE ACCESO ADICIONAL--NOMBRE DE PERSONA | |
| Nombre de persona | Pérez Herrera, Patricia, asesor |
| 9 (RLIN) | 163709 |
| 942 ## - ELEMENTOS DE PUNTO DE ACCESO ADICIONAL (KOHA) | |
| Tipo de ítem Koha | |
No items available.
